Most streamed songs : Prince - Statistics

General Stats
  • This quiz has been taken 87 times
    16 since last reset
  • The average score is 7 of 10
Answer Stats
Streams Song % Correct
642 000 000 Purple Rain
100%
546 000 000 Kiss
87%
332 500 000 When Doves Cry
87%
64 500 000 Little Red Corvette
73%
60 000 000 Little Red Corvette (Single Version)
73%
152 500 000 1999
67%
156 500 000 Let's Go Crazy
60%
290 000 000 Raspberry Beret
60%
101 500 000 I Would Die 4 U
53%
106 500 000 I Wanna Be Your Lover
40%
No matching quizzes found
Score Distribution
Percent of People with Each Score
Percentile by Number Answered
Your Score History
You have not taken this quiz since the last reset